000 01302nam a2200229 i 4500
001 6721
003 ES-MaACL
005 20230906145050.0
008 900306m19831989sp ||||1| spa d
020 _a84-87253-00-8
080 _a946.018
080 _a946.028
245 0 0 _aHistoria de Castilla y León /
_ccoordinador general, Enrique López Castellón.
260 _aMadrid :
_bPáramo,
_c1983-1989.
300 _a10 v. :
_bil. col. y n. ;
_c28 cm.
504 _aBibliografía.
505 8 _aContiene: I. Ámbito geográfico ; Antecedentes históricos -- II. Orígenes de León y Castilla -- III. Plena Edad Media: expansión territorial de la corona castellano-leonesa -- IV. Baja Edad Media: los Trastamara -- V. Castilla, cabeza de España: de los Reyes Católicos a Felipe II -- VI. La crisis del siglo XVII: de Felipe III a Carlos II -- VII. La nueva política borbónica. Final del Ántiguo Régimen -- VIII. Las convulsiones políticas del siglo XIX -- IX. Del reinado de Alfonso XIII a la guerra civil -- X. Del régimen de Franco a la constitución de las comunidades castellanas
651 4 _aCastilla-La Mancha-
_xHistoria.
_9173850
651 4 _aCastilla y León-
_xHistoria.
_98001
700 1 _aLópez Castellón, Enrique.
_973498
852 4 _aES-MaACL
_jL-13935-44
_z- Enc. guafl.
999 _c6721
_d6721